LEADER 01535nam0 22004093i 450 001 NAP0586673 005 20251003044256.0 010 $a0201134373 100 $a20130913d1993 ||||0itac50 ba 101 | $aeng 102 $aus 181 1$6z01$ai $bxxxe 182 1$6z01$an 200 1 $aTEX$ethe program$fDonald E. Knuth$gillustrations by Duane Bibby 205 $aReprinted with corrections 210 $aReading (MA) [etc.]$cAddison Wesley$d1993 215 $aXVII, 600 p.$d24 cm. 225 | $aComputers & typesetting$vB 410 0$1001TSA0000666$12001 $aComputers & typesetting$vB 606 $aComposizione tipografica$xAutomazione$2FIR$3CFIC064350$9I 606 $aTex $2FIR$3UFIC013827$9I 676 $a686.2$9STAMPA$v14 676 $a686.22544$9Stampa. Composizione con attrezzature automatiche$v22 696 $aInformatizzazione$aComputerizzazione 699 $aAutomazione$yInformatizzazione 699 $aAutomazione$yComputerizzazione 700 1$aKnuth$b, Donald Ervin$3MILV105740$4070$048274 702 1$aBibby$b, Duane$3MILV086650$4901 790 1$aKnuth$b, Donald E.$3UFIV118098$zKnuth, Donald Ervin 801 3$aIT$bIT-000000$c20130913 850 $aIT-BN0095 901 $bNAP 01$cSALA DING $n$ 912 $aNAP0586673 950 0$aBiblioteca Centralizzata di Ateneo$c1 v.$d 01SALA DING 686.2 KNU.te$e 0102 0000022685 VMA A4 1 v.$fY $h19960131$i19960131 977 $a 01 996 $aTEX$9349615 997 $aUNISANNIO